| 000 | 00912nam a22003015a 4500 | ||
|---|---|---|---|
| 001 | 60246 | ||
| 003 | CO-BoRNBP | ||
| 005 | 20260317164146.0 | ||
| 007 | ta | ||
| 008 | 200923s2018 ck gr 000 fdspa d | ||
| 020 | _a9789584270696 | ||
| 040 |
_aCO-BoBLA _bspa _cCO-BoBLA _erda |
||
| 041 | 0 | _aspa | |
| 082 | 0 | 4 |
_aCo863.6 _bM35m20 _221 ed. |
| 084 | _aN MEN1 | ||
| 100 | 0 |
_aMendoza, Mario, _d1964- _965101 |
|
| 245 | 1 | 3 |
_aEl mensajero de Agartha 9: _bel último vuelo del vampiro / _cMario Mendoza. |
| 250 | _aTercera edición | ||
| 264 | 4 |
_aBogotá : Colombia _bEditorial Planeta Colombia, _c2018. |
|
| 300 |
_a189 páginas ; _c21 cm. |
||
| 336 |
_atexto _btxt [ _2rdacontent] |
||
| 337 |
_asin mediacion _bn [ _2rdamedia] |
||
| 338 |
_avolumen _bnc [ _2rdacarrie] |
||
| 490 | 1 |
_aDestino ; _v9 |
|
| 650 | 0 | 7 |
_aNovela juvenil colombiana. _2BLAAUTO _923343 |
| 942 |
_2ddc _cBKLIT |
||
| 949 |
_ac _bc |
||
| 999 |
_c60246 _d60246 |
||